Datum a čas kvízu
28
Celkem bodů
Celkový počet nahraných bodů na tomto kvízu bez doplňovacích otázek.
6.
Pořadí na kvízu
Konečné umístění týmu na tomto kvízu.
Zaznamenané odpovědi
| # | Otázka | Odpověď | Body | Výsledky |
|---|---|---|---|---|
| 1. | Jeden politik sdílel na svém p... | Jindřich Rajchl | 1 | |
| 2. | Na fotografii vidíte uvíznutéh... | Německa | 1 | |
| 3. | Letos slaví 20. výročí seriál,... | Hannah Montana | 1 | |
| 4. | Společnost Allwyn AG vstoupila... | Karel Komárek | 0 | |
| 5. | Jak se jmenuje muž, který nově... | Ladislav Krejčí | 1 | |
| 6. | „Na kterém z havajských ostrov... | B | 0 | |
| 7. | AZ Kvíz se na obrazovkách obje... | 1 100 Kč | 1 | |
| 8. | Doplňte tři slova do sloganu s... | který vám zaplatí | 1 | |
| 9. | Pod kterým názvem jsme mohli z... | Rejžuj! | 0 | |
| 10. | Kdo byl moderátorem soutěže, j... | Marek Eben, Valtice | 0.5 |